000 00629cam a2200229 4500
001 J99088
008 090401t1999 xxu||||| |||| 00| 0 eng d
035 _a(Sirsi) u99957
041 _aeng
050 _a692.50994
245 _aAustralian construction handbook 1999.
250 _a17th ed.
260 _aPerth, Australia
_bRawlhouse Publishing PTY Ltd
_c1999
300 _aviii, 908p. ill., maps ; 25cm.
350 _a131.00
650 _aAUSTRALIA
650 _aBUILT ENVIRONMENT-BUILDING COSTS
650 _aBUILDING PRICE BOOKS
690 _aBUILT ENVIRONMENT-BUILDING COSTS
942 _n0
948 _c09/06/1999
999 _c99534
_d99534